| 000 | 01978nam a2200325Ia 4500 | ||
|---|---|---|---|
| 999 |
_c54424 _d54424 |
||
| 001 | 21480 | ||
| 003 | GE_BSU | ||
| 005 | 20211122153248.0 | ||
| 008 | 181216s2017||||ge |||||||||||||| ||geo|| | ||
| 020 | _a9789941945793 | ||
| 040 | _cGE_BSU | ||
| 041 | _ageo | ||
| 080 | _a94(470.67)(092 შამილი) გ-97 | ||
| 100 |
_aგურული, ვახტანგ _912999 |
||
| 245 |
_aშამილი და ქართველები / _cვახტანგ გურული, დარეჯან ობოლაძე ; რედაქტორი ლევან ჯიქია. |
||
| 264 |
_aთბილისი : _bქართული უნ-ტის გამ-ბა, _c2017. |
||
| 300 |
_a192 გვ. : _bილ. ; _c21 სმ. |
||
| 500 | _aშენიშვნები გვ. : 184-189 | ||
| 541 | _h8ლ. | ||
| 546 | _aთავფურცლის მე-3 გვერდი რუსულ ენაზე, მე-4 გვერდი ინგლისურ ენაზე | ||
| 653 | _aShamil and georgian's | ||
| 653 | _aШамиль и грузины | ||
| 653 | _aსაქართველო-დაღესტნის ურთიერთობის ისტორია | ||
| 653 | _aსაქართველოს ისტორია | ||
| 653 | _aშამილი, იმამი, კავკასიის მთიელ ხალხთა მეთაური 1797-1871. საქართველოს ისტორია. | ||
| 700 |
_aობოლაძე, დარეჯან _eავტორი _913000 |
||
| 700 |
_aჯიქია, ლევან _eრედაქტორი _913001 |
||
| 710 |
_aსაქართველოს საპატრიარქოს წმინდა ანდრია პირველწოდებულის სახელობის ქართული უნივერსიტეტი _912984 |
||
| 942 |
_cBK _2udc |
||